| 000 | 00688nam a2200193 a 4500 | ||
|---|---|---|---|
| 003 | 0 | ||
| 005 | 20250214151156.0 | ||
| 008 | 110617s19uu xx 00 eng d | ||
| 050 |
_aPHS BF 637.S4 _b.On58 2011 |
||
| 100 | _aOng, Alyanna Sabrina K. | ||
| 245 |
_aSelf-efficacy and family structure / _cAlyanna Sabrina K. Ong. |
||
| 260 |
_aLas PiƱas City, Philippines : _bSouthville International School and Colleges, _c2011. |
||
| 300 |
_a34 pages : _billustrations ; _c28 cm. |
||
| 504 | _aIncludes bibliographical references. | ||
| 650 | _aSelf-efficacy. | ||
| 650 |
_aFamily structure _xPsychological aspects. |
||
| 650 |
_aFamily structure _xInfluence on behavior. |
||
| 942 |
_2lcc _cPASS |
||
| 999 |
_c98529 _d98529 |
||